[Event "MCR_KT18"]
[Site "?"]
[Date "2006.??.??"]
[Round "?"]
[White "Svoboda, Frantisek"]
[Black "Jedlicka, Roman"]
[Result "1-0"]
[WhiteElo "1997"]
[BlackElo "1807"]
[PlyCount "33"]
[EventDate "2006.??.??"]
[EventType "corr"]
[EventRounds "2"]
[SourceDate "2006.08.10"]

1. e4 d6 2. d4 e6 3. Nc3 Bd7 4. Nf3 f6 5. Bc4 c6 6. d5 e5 7. dxc6 Bxc6 8. Be3
Ne7 9. O-O Nd7 10. Qxd6 Qa5 11. a4 Nf5 12. Qe6+ Ne7 13. Nb5 Kd8 14. Rfd1 Nc8
15. Rd3 Qb4 16. Nxe5 fxe5 17. Rad1 1-0

[Event "MCR_KT18"]
[Site "?"]
[Date "2006.??.??"]
[Round "?"]
[White "Svoboda, Frantisek"]
[Black "Martin, Petr"]
[Result "1-0"]
[WhiteElo "1997"]
[BlackElo "1725"]
[PlyCount "59"]
[EventDate "2006.??.??"]
[EventType "corr"]
[EventRounds "2"]
[SourceDate "2006.08.10"]

1. e4 d6 2. d4 Nf6 3. Nc3 g6 4. Be3 Bg7 5. Qd2 O-O 6. Bh6 e5 7. d5 Bxh6 8. Qxh6
Ng4 9. Qd2 f5 10. exf5 gxf5 11. f3 Nf6 12. Nh3 Nbd7 13. Ng5 Nc5 14. O-O-O Nh5
15. g3 Bd7 16. f4 e4 17. Rg1 h6 18. Be2 Nf6 19. Ne6 Nxe6 20. dxe6 Bxe6 21. g4
Kf7 22. g5 Nd7 23. Nd5 Rg8 24. Bh5+ Kf8 25. gxh6 Nf6 26. h7 Rh8 27. Qc3 Bxd5
28. Rxd5 Rxh7 29. Rxf5 Rh6 30. Qg3 1-0

[Event "MCR_KT18"]
[Site "?"]
[Date "2006.??.??"]
[Round "?"]
[White "Svoboda, Frantisek"]
[Black "Kubacek, Josef"]
[Result "1-0"]
[WhiteElo "1997"]
[BlackElo "1600"]
[PlyCount "39"]
[EventDate "2006.??.??"]
[EventType "corr"]
[EventRounds "2"]
[SourceDate "2006.08.10"]

1. e4 e5 2. Nc3 d6 3. Bc4 Nc6 4. a3 g6 5. Nge2 Bg7 6. d3 Nge7 7. Be3 f5 8. f3
Nd4 9. O-O c6 10. f4 b5 11. Ba2 a5 12. fxe5 dxe5 13. exf5 Nexf5 14. Bf2 Be6 15.
Nxd4 Nxd4 16. Bxe6 Nxe6 17. Be3 Nd4 18. Ne4 Ne6 19. Qg4 Qc8 20. Nd6+ 1-0

[Event "MCR_KT18"]
[Site "?"]
[Date "2006.??.??"]
[Round "?"]
[White "Svoboda, Frantisek"]
[Black "Zachoval, Milan"]
[Result "1-0"]
[WhiteElo "1997"]
[BlackElo "1600"]
[PlyCount "63"]
[EventDate "2006.??.??"]
[EventType "corr"]
[EventRounds "2"]
[SourceDate "2006.08.10"]

1. e4 c5 2. Nc3 d6 3. g3 Nc6 4. Bg2 g6 5. d3 Bg7 6. Nge2 e6 7. O-O Nge7 8. Be3
O-O 9. d4 cxd4 10. Nxd4 f5 11. Ndb5 Bxc3 12. bxc3 d5 13. exd5 Nxd5 14. Bc5 Rf7
15. c4 Nf6 16. Bxc6 Qxd1 17. Rfxd1 bxc6 18. Rd8+ Kg7 19. Nd6 Rc7 20. Bb4 c5 21.
Bc3 Rc6 22. Ne8+ Kf7 23. Nxf6 Rb8 24. Nxh7 Rcb6 25. Rf8+ Ke7 26. Rd1 e5 27.
Bxe5 Ra8 28. Bf4 Bb7 29. Bg5+ Ke6 30. Rf6+ Ke7 31. Rc6+ Ke8 32. Nf6+ 1-0

[Event "MCR_KT18"]
[Site "?"]
[Date "2006.??.??"]
[Round "?"]
[White "Martin, Petr"]
[Black "Svoboda, Frantisek"]
[Result "0-1"]
[WhiteElo "1725"]
[BlackElo "1997"]
[PlyCount "46"]
[EventDate "2006.??.??"]
[EventType "corr"]
[EventRounds "2"]
[SourceDate "2006.08.10"]

1. c4 Nc6 2. Nc3 e5 3. Nf3 g6 4. d4 exd4 5. Nxd4 Bg7 6. e3 Nge7 7. Be2 O-O 8.
Nxc6 dxc6 9. O-O Nf5 10. Bd2 Re8 11. Qc2 Qh4 12. Rfd1 Be5 13. f4 Bg7 14. Ne4
Nxe3 15. Bxe3 Bf5 16. Qb3 Bxe4 17. g3 Qe7 18. Kf2 Bc2 19. Qa3 Qe6 20. Re1 Bxb2
21. Qxb2 Qxe3+ 22. Kf1 Bf5 23. Kg2 Rad8 0-1

[Event "MCR_KT18"]
[Site "?"]
[Date "2006.??.??"]
[Round "?"]
[White "Kubacek, Josef"]
[Black "Svoboda, Frantisek"]
[Result "0-1"]
[WhiteElo "1600"]
[BlackElo "1997"]
[PlyCount "34"]
[EventDate "2006.??.??"]
[EventType "corr"]
[EventRounds "2"]
[SourceDate "2006.08.10"]

1. b4 e5 2. Bb2 Bxb4 3. Bxe5 Nf6 4. c4 Nc6 5. Bb2 O-O 6. a3 Ba5 7. Qc2 d5 8.
cxd5 Nxd5 9. Kd1 Bb6 10. e3 Bxe3 11. Bd3 Bxf2 12. Bxh7+ Kh8 13. Kc1 Bxg1 14. h4
Nf4 15. h5 Ne2+ 16. Kd1 Ncd4 17. h6 Bg4 0-1

[Event "MCR_KT18"]
[Site "?"]
[Date "2006.??.??"]
[Round "?"]
[White "Zachoval, Milan"]
[Black "Svoboda, Frantisek"]
[Result "0-1"]
[WhiteElo "1600"]
[BlackElo "1997"]
[PlyCount "62"]
[EventDate "2006.??.??"]
[EventType "corr"]
[EventRounds "2"]
[SourceDate "2006.08.10"]

1. e4 c5 2. Nf3 Nc6 3. d4 cxd4 4. Nxd4 g6 5. c4 Bg7 6. Be3 Nf6 7. Be2 Nxe4 8.
O-O O-O 9. f4 Qb6 10. Nc2 Qxb2 11. Bf3 Nb4 12. Nxb4 Qxb4 13. Bd4 Qxc4 14. Bxg7
Kxg7 15. Bxe4 Qxe4 16. Qd2 Qf5 17. Nc3 e6 18. Rae1 d5 19. Qd4+ Qf6 20. Qxf6+
Kxf6 21. Re5 h5 22. Rfe1 Bd7 23. g3 Rfc8 24. Nd1 Rc2 25. R5e2 Rac8 26. Kf2 d4
27. Rxc2 Rxc2+ 28. Re2 d3 29. Rxc2 dxc2 30. Ne3 c1=Q 31. h4 Qd2+ 0-1

[Event "MCR_KT18"]
[Site "?"]
[Date "2006.??.??"]
[Round "?"]
[White "Svoboda, Frantisek"]
[Black "Macek, Ludvik"]
[Result "1-0"]
[WhiteElo "1997"]
[BlackElo "1908"]
[PlyCount "45"]
[EventDate "2006.??.??"]
[EventType "corr"]
[EventRounds "2"]
[SourceDate "2006.08.10"]

1. Nc3 d5 2. e4 d4 3. Nce2 e5 4. f4 Nc6 5. Nf3 exf4 6. h4 Qf6 7. d3 Bb4+ 8. Bd2
Bg4 9. c3 dxc3 10. bxc3 Bd6 11. d4 Bxf3 12. gxf3 Qh6 13. Qb3 Nd8 14. e5 Be7 15.
O-O-O g5 16. d5 a6 17. Nd4 gxh4 18. Qa4+ c6 19. Nf5 Ba3+ 20. Qxa3 Qg5 21. Bh3
Ne7 22. d6 Nxf5 23. d7+ 1-0

[Event "MCR_KT18"]
[Site "?"]
[Date "2006.??.??"]
[Round "?"]
[White "Macek, Ludvik"]
[Black "Svoboda, Frantisek"]
[Result "0-1"]
[WhiteElo "1908"]
[BlackElo "1997"]
[PlyCount "54"]
[EventDate "2006.??.??"]
[EventType "corr"]
[EventRounds "2"]
[SourceDate "2006.08.10"]

1. e4 Nc6 2. d4 d5 3. Nc3 e5 4. dxe5 d4 5. Nd5 f5 6. Bg5 Qxg5 7. Nxc7+ Kd8 8.
Nf3 Qg4 9. Nxa8 Bd7 10. Nd2 Qf4 11. e6 Bxe6 12. exf5 Bd5 13. Nf3 Bd6 14. Bb5
Nge7 15. Be2 Kd7 16. f6 gxf6 17. Qd3 Rxa8 18. Qxh7 Be4 19. Qh3+ Bf5 20. Qg3 Qh6
21. Qh4 Qxh4 22. Nxh4 Bxc2 23. a3 d3 24. Bd1 Nd4 25. O-O Re8 26. h3 Nec6 27.
Bg4+ Kc7 0-1

[Event "MCR_KT18"]
[Site "?"]
[Date "2006.??.??"]
[Round "?"]
[White "Macek, Ludvik"]
[Black "Martin, Petr"]
[Result "0-1"]
[WhiteElo "1908"]
[BlackElo "1725"]
[PlyCount "50"]
[EventDate "2006.??.??"]
[EventType "corr"]
[EventRounds "2"]
[SourceDate "2006.08.10"]

1. e4 d6 2. d4 Nf6 3. Nc3 g6 4. g3 Bg7 5. Bg2 O-O 6. Nge2 Nbd7 7. O-O e5 8. Bg5
exd4 9. Qxd4 h6 10. Bd2 Ng4 11. Qb4 Nb6 12. Nf4 Ne5 13. Nfd5 a5 14. Qb3 Nec4
15. Bc1 a4 16. Nxa4 Bd7 17. Nac3 Na5 18. Qb4 Nbc4 19. Nd1 c5 20. N1e3 cxb4 21.
Nxb4 Nxe3 22. fxe3 Nc4 23. Rb1 Bc6 24. b3 Ne5 25. Bd2 Qe7 0-1

[Event "MCR_KT18"]
[Site "?"]
[Date "2006.??.??"]
[Round "?"]
[White "Jedlicka, Roman"]
[Black "Martin, Petr"]
[Result "0-1"]
[WhiteElo "1807"]
[BlackElo "1725"]
[PlyCount "36"]
[EventDate "2006.??.??"]
[EventType "corr"]
[EventRounds "2"]
[SourceDate "2006.08.10"]

1. e4 d6 2. c4 Nf6 3. Nc3 g6 4. d4 Bg7 5. Nf3 O-O 6. Qb3 Nbd7 7. Bd3 e5 8. dxe5
dxe5 9. Nd5 c6 10. Nxf6+ Bxf6 11. O-O Nc5 12. Qc3 Qxd3 13. Qb4 Na6 14. Qa5 Qxc4
15. Bh6 Rd8 16. Rae1 Qb4 17. Qa3 Qxa3 18. bxa3 Bg4 0-1

[Event "MCR_KT18"]
[Site "?"]
[Date "2006.??.??"]
[Round "?"]
[White "Martin, Petr"]
[Black "Zachoval, Milan"]
[Result "1-0"]
[WhiteElo "1725"]
[BlackElo "1600"]
[PlyCount "65"]
[EventDate "2006.??.??"]
[EventType "corr"]
[EventRounds "2"]
[SourceDate "2006.08.10"]

1. c4 Nf6 2. Nc3 g6 3. e4 d6 4. d4 Bg7 5. Bd3 O-O 6. Nge2 c5 7. d5 e6 8. f4
exd5 9. cxd5 Re8 10. h3 a6 11. O-O b5 12. Ng3 c4 13. Bc2 Qb6+ 14. Kh1 Nbd7 15.
Qf3 Nc5 16. e5 dxe5 17. fxe5 Rxe5 18. Bf4 Re8 19. Bg5 Ncd7 20. Nge4 b4 21.
Nxf6+ Nxf6 22. Na4 Qd6 23. Bxf6 Bxf6 24. Qxf6 Qxf6 25. Rxf6 Kg7 26. Raf1 Ra7
27. Nb6 Rc7 28. d6 Ra7 29. d7 Bxd7 30. Nxd7 Rxd7 31. Ba4 Red8 32. Bxd7 Rxd7 33.
Rxa6 1-0

[Event "MCR_KT18"]
[Site "?"]
[Date "2006.??.??"]
[Round "?"]
[White "Zachoval, Milan"]
[Black "Martin, Petr"]
[Result "0-1"]
[WhiteElo "1600"]
[BlackElo "1725"]
[PlyCount "72"]
[EventDate "2006.??.??"]
[EventType "corr"]
[EventRounds "2"]
[SourceDate "2006.08.10"]

1. e4 d6 2. d4 Nf6 3. Nc3 g6 4. f4 Bg7 5. Nf3 O-O 6. Bd3 Nbd7 7. Qe2 c5 8. d5
Nb6 9. a4 a5 10. Be3 Bd7 11. Bb5 Rc8 12. O-O Ng4 13. Bd2 Bd4+ 14. Kh1 f5 15.
Bxd7 Qxd7 16. Ng5 Rf6 17. h3 Nh6 18. Ne6 fxe4 19. Qxe4 Nf5 20. Kh2 Nc4 21. Bc1
Nb6 22. g4 Bxc3 23. bxc3 Ng7 24. Nxg7 Kxg7 25. Re1 Rf7 26. Bd2 c4 27. Qd4+ Kg8
28. Qxb6 Rc5 29. Be3 Rxd5 30. Kg3 e5 31. fxe5 dxe5 32. h4 Rd6 33. Qxa5 h5 34.
Qxe5 Qxg4+ 35. Kh2 Rd2+ 36. Bxd2 Rf2+ 0-1

[Event "MCR_KT18"]
[Site "?"]
[Date "2006.??.??"]
[Round "?"]
[White "Kubacek, Josef"]
[Black "Macek, Ludvik"]
[Result "1/2-1/2"]
[WhiteElo "1600"]
[BlackElo "1908"]
[PlyCount "48"]
[EventDate "2006.??.??"]
[EventType "corr"]
[EventRounds "2"]
[SourceDate "2006.08.10"]

1. d4 Nf6 2. Nf3 g6 3. c4 Bg7 4. g3 O-O 5. Bg2 d6 6. O-O c6 7. Nc3 Qa5 8. e4 e5
9. d5 cxd5 10. exd5 Bd7 11. Nd2 Rc8 12. Qe2 Bg4 13. f3 Qc5+ 14. Kh1 Bf5 15.
Nce4 Qc7 16. b3 Na6 17. Ba3 Rd8 18. Rfe1 b6 19. Rac1 Nc5 20. g4 Bd7 21. Nxc5
bxc5 22. Rc2 Rab8 23. Rb1 Qa5 24. Bc1 Rb6 1/2-1/2

[Event "MCR_KT18"]
[Site "?"]
[Date "2006.??.??"]
[Round "?"]
[White "Macek, Ludvik"]
[Black "Zachoval, Milan"]
[Result "1/2-1/2"]
[WhiteElo "1908"]
[BlackElo "1600"]
[PlyCount "53"]
[EventDate "2006.??.??"]
[EventType "corr"]
[EventRounds "2"]
[SourceDate "2006.08.10"]

1. e4 e5 2. Nf3 Nc6 3. Nc3 g6 4. d4 exd4 5. Nxd4 Bg7 6. Be3 d6 7. Bb5 Bd7 8.
Qd2 a6 9. Nxc6 Bxc6 10. Bxc6+ bxc6 11. O-O Nf6 12. Qd3 Ng4 13. Qc4 Ne5 14. Qa4
Qd7 15. f4 Ng4 16. Bd4 O-O 17. Bxg7 Kxg7 18. h3 Nh6 19. Rad1 Qe8 20. Qc4 f6 21.
b3 Nf7 22. Rf3 Nd8 23. Kh2 Qf7 24. Qf1 h5 25. Rg3 f5 26. e5 d5 27. Ne2 1/2-1/2

[Event "MCR_KT18"]
[Site "?"]
[Date "2006.??.??"]
[Round "?"]
[White "Martin, Petr"]
[Black "Kubacek, Josef"]
[Result "0-1"]
[WhiteElo "1725"]
[BlackElo "1600"]
[PlyCount "82"]
[EventDate "2006.??.??"]
[EventType "corr"]
[EventRounds "2"]
[SourceDate "2006.08.10"]

1. c4 Nf6 2. Nc3 e6 3. e4 d6 4. d4 Nbd7 5. f4 c5 6. d5 exd5 7. cxd5 g6 8. Bb5
a6 9. Qa4 Bg7 10. e5 Qe7 11. Nge2 dxe5 12. fxe5 Qxe5 13. Bf4 Qe7 14. d6 Qd8 15.
Bg5 h6 16. Bxd7+ Qxd7 17. Qxd7+ Bxd7 18. Bxf6 Bxf6 19. Nd5 Bd8 20. O-O O-O 21.
Rac1 b6 22. Nec3 Bc6 23. Rfe1 Kg7 24. Re5 Ra7 25. Rd1 Rd7 26. Ne7 Bxe7 27. Rxe7
Rfd8 28. Rxd7 Rxd7 29. Kf2 Kf6 30. Nd5+ Bxd5 31. Rxd5 Ke6 32. Rd2 Rxd6 33. Re2+
Kd7 34. Kf3 Rf6+ 35. Kg3 Re6 36. Rd2+ Kc6 37. Kf4 f5 38. Kf3 Kb5 39. g4 fxg4+
40. Kxg4 c4 41. Kf3 Kc5 0-1

[Event "MCR_KT18"]
[Site "?"]
[Date "2006.??.??"]
[Round "?"]
[White "Jedlicka, Roman"]
[Black "Svoboda, Frantisek"]
[Result "1-0"]
[WhiteElo "1807"]
[BlackElo "1997"]
[PlyCount "78"]
[EventDate "2006.??.??"]
[EventType "corr"]
[EventRounds "2"]
[SourceDate "2006.08.10"]

1. e4 Nc6 2. Nc3 Nf6 3. d4 d5 4. e5 Nd7 5. Nxd5 Ndb8 6. Nc3 Qxd4 7. Qxd4 Nxd4
8. Bd3 Nbc6 9. Be3 Bg4 10. Nb5 Nxb5 11. Bxb5 Bd7 12. Bxc6 Bxc6 13. f3 O-O-O 14.
Ne2 g6 15. O-O Bg7 16. f4 a6 17. a4 f6 18. Bd4 Rd5 19. exf6 exf6 20. Rfe1 Re8
21. c3 h6 22. b3 Bd7 23. h3 c5 24. Bf2 Rd2 25. Ng3 f5 26. Rxe8+ Bxe8 27. Re1
Bc6 28. Re6 Kd7 29. Re3 Bf6 30. Nf1 Rb2 31. Rd3+ Ke6 32. Re3+ Kf7 33. g4 Rxb3
34. gxf5 gxf5 35. c4 Bxa4 36. Rxb3 Bxb3 37. Ne3 a5 38. Nxf5 a4 39. Bg3 a3 1-0

[Event "MCR_KT18"]
[Site "?"]
[Date "2006.??.??"]
[Round "?"]
[White "Jedlicka, Roman"]
[Black "Zachoval, Milan"]
[Result "1/2-1/2"]
[WhiteElo "1807"]
[BlackElo "1600"]
[PlyCount "60"]
[EventDate "2006.??.??"]
[EventType "corr"]
[EventRounds "2"]
[SourceDate "2006.08.10"]

1. f4 g6 2. Nf3 Nf6 3. d4 d5 4. e3 Bg7 5. Be2 O-O 6. Ne5 Nbd7 7. O-O e6 8. c4
c6 9. c5 Ne4 10. Bf3 f5 11. Nc3 Nxc3 12. bxc3 Nxe5 13. fxe5 b6 14. Ba3 b5 15.
Bb2 a6 16. Qe2 h5 17. Qf2 Bd7 18. a3 Be8 19. Qe2 Bh6 20. Qd3 g5 21. Qd2 g4 22.
Be2 h4 23. Qd3 Qg5 24. Bc1 Qg7 25. a4 Bg6 26. axb5 axb5 27. Rxa8 Rxa8 28. Qd2
Kh7 29. Bb2 Qb7 30. Bc1 Qe7 1/2-1/2

[Event "MCR_KT18"]
[Site "?"]
[Date "2006.??.??"]
[Round "?"]
[White "Zachoval, Milan"]
[Black "Jedlicka, Roman"]
[Result "1/2-1/2"]
[WhiteElo "1600"]
[BlackElo "1807"]
[PlyCount "63"]
[EventDate "2006.??.??"]
[EventType "corr"]
[EventRounds "2"]
[SourceDate "2006.08.10"]

1. e4 e6 2. d4 c5 3. d5 Nf6 4. Nc3 e5 5. Nf3 d6 6. h3 Be7 7. Bg5 Nbd7 8. Be2
O-O 9. O-O Re8 10. Re1 a6 11. a4 Nh5 12. Qd2 Bxg5 13. Qxg5 Qxg5 14. Nxg5 Nf4
15. Bd3 Nf6 16. Nf3 Nxd3 17. cxd3 Bd7 18. b3 Rab8 19. Nd2 Nh5 20. Ne2 b5 21. a5
f5 22. f3 Nf6 23. Reb1 fxe4 24. fxe4 Rbc8 25. Rc1 Ra8 26. Ng3 Ra7 27. Rf1 Re7
28. Nf5 Bxf5 29. Rxf5 Reb7 30. Raf1 Rf7 31. g4 h6 32. Kg2 1/2-1/2

[Event "MCR_KT18"]
[Site "?"]
[Date "2006.??.??"]
[Round "?"]
[White "Zachoval, Milan"]
[Black "Macek, Ludvik"]
[Result "1/2-1/2"]
[WhiteElo "1600"]
[BlackElo "1908"]
[PlyCount "58"]
[EventDate "2006.??.??"]
[EventType "corr"]
[EventRounds "2"]
[SourceDate "2006.08.10"]

1. d4 Nf6 2. c4 e6 3. g3 d5 4. Bg2 Be7 5. Nf3 O-O 6. O-O Nbd7 7. Qc2 c6 8. Ne5
Nxe5 9. dxe5 Ng4 10. cxd5 exd5 11. Rd1 Qb6 12. e3 Nxe5 13. Nc3 Bg4 14. Rf1 Rae8
15. a3 Bd6 16. b3 Bh5 17. Na4 Qb5 18. Nc3 Qa6 19. a4 Bg6 20. Qd2 Qd3 21. Re1
Bb4 22. Qxd3 Nxd3 23. Bd2 Nxe1 24. Bxe1 Bc2 25. h4 b6 26. Ra2 Bxb3 27. Rb2 Bxc3
28. Bxc3 Bxa4 29. Ra2 b5 1/2-1/2

[Event "MCR_KT18"]
[Site "?"]
[Date "2006.??.??"]
[Round "?"]
[White "Kubacek, Josef"]
[Black "Martin, Petr"]
[Result "0-1"]
[WhiteElo "1600"]
[BlackElo "1725"]
[PlyCount "40"]
[EventDate "2006.??.??"]
[EventType "corr"]
[EventRounds "2"]
[SourceDate "2006.08.10"]

1. b4 d5 2. Bb2 Nd7 3. e3 e5 4. b5 Ngf6 5. Nf3 Bd6 6. c4 e4 7. Nd4 Ne5 8. cxd5
Nxd5 9. Qc2 f5 10. a3 Qe7 11. f4 exf3 12. g3 h5 13. Nxf5 Bxf5 14. Qxf5 g6 15.
Qe4 Nf6 16. Qh4 Qf7 17. Qa4 Qd5 18. Nc3 f2+ 19. Kd1 Qxh1 20. Kc2 Qf3 0-1

[Event "MCR_KT18"]
[Site "?"]
[Date "2006.??.??"]
[Round "?"]
[White "Martin, Petr"]
[Black "Jedlicka, Roman"]
[Result "1-0"]
[WhiteElo "1807"]
[BlackElo "1997"]
[PlyCount "83"]
[EventDate "2006.??.??"]
[EventType "corr"]
[EventRounds "2"]
[SourceDate "2006.08.10"]

1. c4 d6 2. Nc3 e6 3. d4 Nf6 4. e4 Be7 5. Bd3 Nc6 6. Nge2 O-O 7. f4 b6 8. O-O
Nb4 9. Bb1 Bb7 10. a3 Na6 11. Ng3 c5 12. d5 Nc7 13. e5 Nd7 14. dxe6 Nxe6 15. f5
Nd4 16. f6 gxf6 17. Bxh7+ Kxh7 18. Qh5+ Kg8 19. Bh6 Nxe5 20. Nf5 Nxf5 21. Rxf5
Re8 22. Rxe5 fxe5 23. Qg4+ Bg5 24. Bxg5 Qc8 25. Qg3 Re6 26. Bf6+ Kf8 27. Qg7+
Ke8 28. Qg8+ Kd7 29. Qxf7+ Kc6 30. Nd5 Qd7 31. Qg6 e4 32. g4 e3 33. Qf5 e2 34.
Re1 Rf8 35. Qf3 b5 36. b3 bxc4 37. bxc4 Ree8 38. g5 Ba6 39. h4 Bxc4 40. Ne3+
Kb5 41. Nxc4 Kxc4 42. Rc1+ 1-0

[Event "MCR_KT18"]
[Site "?"]
[Date "2006.??.??"]
[Round "?"]
[White "Kubacek, Josef"]
[Black "Zachoval, Milan"]
[Result "1-0"]
[WhiteElo "1600"]
[BlackElo "1600"]
[PlyCount "81"]
[EventDate "2006.??.??"]
[EventType "corr"]
[EventRounds "2"]
[SourceDate "2006.08.10"]

1. b4 e5 2. Bb2 f6 3. b5 d5 4. e3 Be6 5. f3 c6 6. a4 Bd6 7. Ne2 Ne7 8. d4 Nd7
9. Ng3 exd4 10. exd4 Bxg3+ 11. hxg3 Qc7 12. Kf2 Nf5 13. g4 Qg3+ 14. Kg1 Ne7 15.
Nd2 Kf7 16. c4 dxc4 17. Nxc4 Nd5 18. Ba3 Qc7 19. Qe1 c5 20. Rc1 b6 21. dxc5
Nxc5 22. g3 Rae8 23. Qf2 Rc8 24. Kg2 Qd8 25. Be2 g6 26. a5 Kg7 27. axb6 axb6
28. Nxb6 Qxb6 29. Bxc5 Qb7 30. Ra1 Ra8 31. Ra6 Rxa6 32. bxa6 Qa8 33. Rb1 Rb8
34. Qe1 Rxb1 35. Qxb1 Bc8 36. a7 Bb7 37. Qb2 Nc7 38. g5 Ne8 39. Bd4 Qc8 40.
gxf6+ Kf7 41. Qb3+ 1-0

[Event "MCR_KT18"]
[Site "?"]
[Date "2006.??.??"]
[Round "?"]
[White "Jedlicka, Roman"]
[Black "Kubacek, Josef"]
[Result "0-1"]
[WhiteElo "1807"]
[BlackElo "1600"]
[PlyCount "58"]
[EventDate "2006.??.??"]
[EventType "corr"]
[EventRounds "2"]
[SourceDate "2006.08.10"]

1. e4 e5 2. d3 d6 3. Be2 f5 4. Nc3 g6 5. f4 Bg7 6. Nf3 Nc6 7. O-O h6 8. exf5
Bxf5 9. Qe1 Nd4 10. Nxd4 exd4 11. Bf3+ Kd7 12. Ne4 c6 13. Qb4 Kc7 14. g4 Be6
15. Bg2 Bxg4 16. Qb3 Ne7 17. Bd2 Nd5 18. Nf2 Be6 19. Bxd5 Bxd5 20. Qb4 a5 21.
Qa3 b6 22. b3 Qd7 23. h3 Rae8 24. Bc1 Re2 25. Qb2 Rhe8 26. Kh2 R8e3 27. Bxe3
dxe3 28. d4 c5 29. Rae1 Rxf2+ 0-1

[Event "MCR_KT18"]
[Site "?"]
[Date "2006.??.??"]
[Round "?"]
[White "Kubacek, Josef"]
[Black "Jedlicka, Roman"]
[Result "0-1"]
[WhiteElo "1600"]
[BlackElo "1807"]
[PlyCount "63"]
[EventDate "2006.??.??"]
[EventType "corr"]
[EventRounds "2"]
[SourceDate "2006.08.10"]

1. b4 e6 2. Bb2 Nf6 3. b5 Bc5 4. e3 O-O 5. d4 Bb6 6. a4 c5 7. f3 a6 8. Nd2 d5
9. c4 cxd4 10. exd4 dxc4 11. Nxc4 Nd5 12. g3 axb5 13. axb5 Rxa1 14. Bxa1 Nd7
15. Qd2 Bc7 16. Kf2 Qe7 17. Bb2 Re8 18. Ba3 Qf6 19. Nh3 Qg6 20. Bd3 Qh5 21. Ng5
h6 22. Ne4 f5 23. Ned6 Bxd6 24. Nxd6 Rf8 25. Kg2 g5 26. Rc1 N7b6 27. Bc5 Nd7
28. Ba7 Ne7 29. Rc7 e5 30. Nxc8 Nxc8 31. Qa2+ Kh8 32. Rxd7 0-1

[Event "MCR_KT18"]
[Site "?"]
[Date "2006.??.??"]
[Round "?"]
[White "Zachoval, Milan"]
[Black "Kubacek, Josef"]
[Result "1/2-1/2"]
[WhiteElo "1600"]
[BlackElo "1600"]
[PlyCount "114"]
[EventDate "2006.??.??"]
[EventType "corr"]
[EventRounds "2"]
[SourceDate "2006.08.10"]

1. e4 e5 2. Nf3 Nc6 3. Bb5 a6 4. Ba4 Nf6 5. O-O Be7 6. Re1 b5 7. Bb3 d6 8. h3
O-O 9. c3 h6 10. d4 Re8 11. Nbd2 Bf8 12. a4 Bd7 13. d5 Na5 14. Bc2 c5 15. Nf1
Nc4 16. b3 Nb6 17. axb5 axb5 18. Rxa8 Qxa8 19. Bb2 g6 20. Ng3 Bg7 21. Qa1 Qb7
22. Qd1 Ra8 23. Qe2 Kh7 24. Bd3 Ra2 25. Ra1 Rxa1+ 26. Bxa1 Qa6 27. Qb2 Ng8 28.
Nd2 Ne7 29. c4 b4 30. f3 f5 31. Qb1 fxe4 32. fxe4 h5 33. Kf2 Bh6 34. Ngf1 h4
35. Be2 Qa8 36. Bb2 Qf8+ 37. Bf3 g5 38. Ne3 Qf4 39. Ndf1 g4 40. hxg4 Nbc8 41.
Nf5 Bxf5 42. gxf5 Bg5 43. Qd3 Ng8 44. Qe3 Nf6 45. Qxf4 exf4 46. Bxf6 Bxf6 47.
Nh2 Bd4+ 48. Ke2 Nb6 49. Kd3 Kh6 50. Ng4+ Kg5 51. Bd1 Nd7 52. Bf3 h3 53. gxh3
Kh4 54. Ke2 Bg7 55. Nf2 Kg3 56. Nd3 Ne5 57. Nxe5 Bxe5 1/2-1/2